|
|
|
|
| LEADER |
00000nab a2200000 ar4500 |
| 001 |
vtls011880744 |
| 003 |
SK-MaSNL |
| 005 |
20260303100347.0 |
| 008 |
190808c20180929xo mr|p|||||||000 b|slo |
| 038 |
|
|
|a SNSK
|
| 040 |
|
|
|a SNSK
|b slo
|e rda
|c SK
|
| 041 |
|
|
|a slo
|
| 043 |
|
|
|a e-xo- - -
|
| 044 |
|
|
|a xo
|c SK
|
| 080 |
|
|
|a 373.3
|2 2011
|
| 080 |
|
|
|a 069.444
|2 2011
|
| 080 |
|
|
|a 626.81
|2 2011
|
| 100 |
1 |
|
|a Šimoňáková, Mária,
|d 1978-
|4 aut
|9 115064
|
| 245 |
1 |
0 |
|a Okolie školy v Spišskej Novej Vsi chcú skrášliť za 170-tisíc eur
|c Mária Šimoňáková
|
| 300 |
|
|
|b Fotografie
|
| 610 |
2 |
7 |
|a Základná škola, Komenského ul. (Spišská Nová Ves, Slovensko)
|2 snsk
|9 1021726
|
| 650 |
0 |
7 |
|a havarijné stavy
|2 snsk
|9 73177
|
| 650 |
0 |
7 |
|a Opravy a rekonštrukcie
|2 snsk
|9 1044953
|
| 650 |
0 |
7 |
|a zavlažovanie
|2 snsk
|9 19474
|
| 651 |
|
7 |
|a Spišská Nová Ves (Slovensko)
|2 snsk
|9 28800
|
| 773 |
0 |
|
|t Korzár
|g Roč. XXI, 224 (29.9.2018), s. 6
|x 2585-7355
|
| 852 |
|
|
|a SNSK
|b KIS3GCP
|
| 856 |
4 |
1 |
|u https://spis.korzar.sme.sk/c/20924300/okolie-skoly-v-spisskej-novej-vsi-skraslia.html
|
| 999 |
|
|
|c 1832811
|d 1834741
|